00334nam a2200109 a 450000500170000000800410001702000180005805000280007624500710010426000420017530000070021720140412111406.0070227s19uu xx 00 eng d a0-07-571677-1 aTR(GS 372.4bMa394 2002 aSRA Open court reading :bUnits 1-8 assessment: Blackline masters. aColumbus , Ohio :bMcGrawhill,c2002. a81